Subodh -Marathi English Shabdakosh (Record no. 2281)

MARC details
000 -LEADER
fixed length control field 00282nam a22001217a 4500
041 ## - LANGUAGE CODE
Language code of text/sound track or separate title ENG
100 ## - MAIN ENTRY--PERSONAL NAME
Personal name Virkar.k.s
245 ## - TITLE STATEMENT
Title Subodh -Marathi English Shabdakosh
260 ## - PUBLICATION, DISTRIBUTION, ETC. (IMPRINT)
Place of publication, distribution, etc Pune
Name of publisher, distributor, etc Anamol Prakashan
Date of publication, distribution, etc 2004
300 ## - PHYSICAL DESCRIPTION
Extent 486
650 ## - SUBJECT ADDED ENTRY--TOPICAL TERM
Topical term or geographic name as entry element Dictionary
856 ## - ELECTRONIC LOCATION AND ACCESS
Uniform Resource Identifier Dictionary ( 28 )
Holdings
Withdrawn status Lost status Source of classification or shelving scheme Damaged status Not for loan Home library Current library Shelving location Date acquired Cost, normal purchase price Total Checkouts Barcode Date last seen Price effective from Koha item type
    Dewey Decimal Classification     College of Agricultural Engineering and Technology, Dapoli , Library College of Agricultural Engineering and Technology, Dapoli , Library Book Cart 18/10/2021 100.00   003774 18/10/2021 18/10/2021 Books

Contact Us: College of Agricultural Engineering and Technology, Dapoli, Dist.- Ratnagiri
Website: https://dbskkv.org Email: caetlibrary2015@gmail.com